1310 1900 1014 1864 1793 1088 1503 1994 1812 1917 1866 1342 1467 1131 1760 1117 1549 1115 1057 1856 1513 1296 1176 1923 1310 1767 1420 1490 1461 1461 1695 1290 1595 1808 1384 1503 1608 1914 1088 1772 1675 1575 1648 1983 1685 1329 1020 1624 1025 1269 1095 1307 1570 1487 1055 1057 1798 1826 1696 1555 1250 1762 1504 1888 1818 1939 1929 1615 1466 1157 1361 1252 1846 1606 1885 1923 1044 1406 1069 1076 1450 1800 1260 1877 1517 1248 1248 1037 1578 1636 1804 1597 1243 1396 1297 1200 1488 1125 1415 BCNSPRNW ULIB Ver.6.0+V

เปลี่ยนเป็นภาษาไทย

Change to English
 แสดงรายละเอียดบรรณานุกรม
  กลับหน้าหลัก

Brief Record : Get Marc (ISO 2709) : E-mail record : QR code < ปิดหน้าต่าง
LEADER : 00000nam 2200000uu 4500
001    13399123109
003     ULIB
008    020711s2554 th a 000 0 tha d
020    9786167164458
050  4 BF637^bพ417ผ
100    พัชรศรี เบญจมาศ
245    ผู้หญิงร้ายผู้ชายรัก 2/^cพัชรศรี เบญจมาศ
260    กรุงเทพฯ :^bWelearn,^c2554
300    246 หน้า
650    กาละแม
945    ^p179^l0^i20295
999    ^aทศพร เกษรทอง
รายการนี้ยังไม่มีแท็ก
คุณยังไม่ได้ล็อกอิน คุณสามารถมีกิจกรรมร่วมกับเว็บไซต์ได้ แต่ต้องล็อกอินก่อน ::
  ล็อกอิน

รายการสื่อสารสนเทศ

ลำดับที่ ประเภท เลขเรียก/บาร์โค้ด สถานที่ สถานะ
1. การศึกษาทั่วไป
การศึกษาทั่วไป
BF637 พ417ผ ฉ.1 
  Barcode: 20295
ห้องสมุดวิทยาเขตนครสวรรค์
►หนังสือทั่วไป:l:General Books
บนชั้น

รายการใกล้เคียง
    ผู้แต่ง [พัชรศรี เบญจมาศ]

BibComment


ยังไม่เคยถูกคอมเมนท์

คอมเมนท์ทรัพยากรรายการนี้
  คอมเมนท์: ผู้หญิงร้ายผู้ชาย..


 Copyright 2026. Bcnsprnw @Library